[Event "St Petersburg-ch op"]
[Site "St Petersburg"]
[Date "1992.??.??"]
[Round "?"]
[White "Yemelin, Vasily"]
[Black "Mishuchkov, Nikolai M"]
[Result "1/2-1/2"]
[WhiteElo "2345"]
[BlackElo "2400"]

1.e4 d6 2.d4 Nf6 3.Nc3 e5 4.Nf3 Nbd7 5.Bc4 Be7 6.O-O O-O 7.Re1 c6 8.a4 Qc7
9.h3 Re8 10.Ng5 Rf8 11.Be3 h6 12.Nf3 Re8 13.Qd2 Nf8 14.a5 Ng6 15.d5 Bf8 16.b4 cxd5
17.Bxd5 Be6 18.a6 Nxd5 19.Nxd5 Bxd5 20.Qxd5 bxa6 21.Rxa6 Qxc2 22.Rc1 Qb2
23.Qd3 Nf4 24.Bxf4 exf4 25.Rb1 Qf6 26.e5 Qg6 27.Qxg6 fxg6 28.exd6 Re6 29.Rd1 Rd8
30.Rxa7 Rexd6 31.Rxd6 Rxd6  1/2-1/2

[Event "St Petersburg-ch op"]
[Site "St Petersburg"]
[Date "1992.??.??"]
[Round "?"]
[White "Gubanov, Anton"]
[Black "Agrest, Evgenij"]
[Result "1-0"]
[WhiteElo "2375"]
[BlackElo "2485"]

1.e4 d6 2.d4 Nf6 3.Nc3 c6 4.Bg5 Nbd7 5.Nf3 h6 6.Be3 e5 7.h3 b5 8.Bd3 Bb7
9.Ne2 a6 10.c3 Qc7 11.a4 Rd8 12.Ng3 g6 13.O-O h5 14.Ng5 h4 15.Ne2 c5 16.axb5 c4
17.Bc2 axb5 18.b4 d5 19.dxe5 Nxe5 20.Bd4 Ned7 21.e5 Nxe5 22.f4 Ned7 23.f5 Rh5
24.Ne6 fxe6 25.fxe6 Ne4 26.Nf4 Rg5 27.exd7+ Qxd7 28.Ra7 Be7 29.Nxg6 Rxg6
30.Qh5 Qd6 31.Rxb7 Qg3 32.Bxe4  1-0

[Event "St Petersburg op"]
[Site "St Petersburg"]
[Date "1992.??.??"]
[Round "?"]
[White "Ivanov, Sergey"]
[Black "Agrest, Evgenij"]
[Result "0-1"]
[WhiteElo "2440"]
[BlackElo "2485"]

1.e4 d6 2.d4 Nf6 3.Nc3 c6 4.Nf3 Bg4 5.h3 Bh5 6.Be2 e6 7.O-O Be7 8.Re1 O-O
9.e5 Ne8 10.exd6 Nxd6 11.Bf4 Nd7 12.Ne5 Bxe2 13.Qxe2 Nf6 14.Rad1 Qa5 15.Nc4 Nxc4
16.Qxc4 Qf5 17.Ne2 Qd5 18.Qb3 Qxb3 19.axb3 a5 20.Ra1 b6 21.c3 Nd7 22.Ng3 g5
23.Bd2 Rfe8 24.Ne4 h6 25.f4 f5 26.Nf2 Bf6 27.Nd3 Kf7 28.Re2 Nf8 29.fxg5 hxg5
30.Ne5+ Bxe5 31.Rxe5 Nd7 32.Re2 Rg8 33.Rae1 Rae8 34.c4 Nf6 35.g3 Ne4 36.Kg2 Rd8
37.Bc3 Rd7 38.Kf3 g4+ 39.hxg4 Rxg4 40.Rxe4 Rxe4 41.Rxe4 fxe4+ 42.Kxe4 Rd8
43.g4 Rg8 44.Kf4 Ke7 45.d5 cxd5 46.cxd5 exd5 47.Kf5 Kd6 48.g5 Kc5 49.g6 d4
50.Bd2 d3 51.Kf6 Kd4 52.Kf7 Ra8 53.b4 a4  0-1

[Event "FRA-ch"]
[Site "Strasbourg"]
[Date "1992.??.??"]
[Round "3"]
[White "Relange, Eloi"]
[Black "Giffard, Nicolas"]
[Result "1/2-1/2"]
[WhiteElo "2285"]
[BlackElo "2350"]

1.d4 d6 2.e4 Nf6 3.Nc3 c6 4.Nf3 Bg4 5.Be2 Nbd7 6.O-O e5 7.h3 Bxf3 8.Bxf3 Be7
9.Re1 O-O 10.a4 a5 11.Be3 h6 12.g3 Ne8 13.Bg2 Bg5 14.Bxg5 hxg5 15.Qd2 Nb6
16.b3 Nc7 17.Rad1 Qe7 18.Qe3 Nd7 19.Rd2 Rfd8 20.Red1 Ne6 21.Ne2 Ndf8 22.Qc3 Qc7
23.Qb2 Rab8 24.Qc3 Rbc8 25.Qe3 Qe7 26.Kh2 Ra8 27.Rd3 b5 28.Rc3 Rac8 29.Ra1 b4
30.Rd3 c5 31.dxe5 dxe5 32.Rd5 Nd4 33.Qd2 Nfe6 34.Qd3 Nxe2 35.Qxe2 Nd4 36.Qc4 Rxd5
37.exd5 Kh8 38.Re1 Qf6 39.Kg1 Qf5 40.Re4 f6 41.Qa6 Nxc2 42.Qxa5 Nd4 43.Qa6 Nxb3
44.Qd3 Nd4 45.Rxd4 Qxd3 46.Rxd3 c4 47.Rd1 c3 48.Be4 b3 49.d6 c2 50.Bxc2 bxc2
51.Rc1 Kh7 52.d7 Rd8 53.Rxc2 Rxd7 54.Ra2 Ra7 55.a5 Ra6 56.Kf1 Kg6 57.Ke2 f5
58.Kd3 e4+ 59.Kd4 Kf6 60.Kd5 g6 61.Ra4 Ke7 62.g4 Rd6+ 63.Kc5 Ra6 64.Kb5 Ra8
65.Kc6 Ke6 66.a6 Ke5 67.Kb7 Rd8 68.a7 Kf4 69.a8=Q Rxa8 70.Rxa8 Kf3 71.Rf8 f4
72.Rf6 Kxf2 73.Rxg6 e3 74.Rxg5 e2 75.Re5 f3 76.g5 e1=Q 77.Rxe1 Kxe1 78.g6 f2
79.g7 f1=Q 80.g8=Q Qxh3  1/2-1/2

[Event "Subotica Palic"]
[Site "Subotica"]
[Date "1992.??.??"]
[Round "?"]
[White "Miljanic, Boro"]
[Black "Vukovic, Zdravko"]
[Result "1/2-1/2"]
[WhiteElo "2430"]
[BlackElo "2410"]

1.d4 Nf6 2.Nc3 d6 3.e4 c6 4.a4 g6 5.g3 Bg7 6.Bg2 O-O 7.Nge2 e5 8.h3 exd4
9.Nxd4 Re8 10.O-O Nbd7 11.Re1 a5 12.Kh2 Qb6 13.Nb3  1/2-1/2

[Event "POL-ch (Women)"]
[Site "Swieradow"]
[Date "1992.??.??"]
[Round "1"]
[White "Dabrowska, Krystyna"]
[Black "Bartosik, Olimpia"]
[Result "1-0"]
[WhiteElo "2220"]
[BlackElo "2075"]

1.e4 d6 2.d4 Nf6 3.Nc3 e5 4.dxe5 dxe5 5.Qxd8+ Kxd8 6.Bg5 Be6 7.O-O-O+ Nd7
8.f4 exf4 9.Be2 c6 10.Nh3 h6 11.Bxf4 Bc5 12.Rhf1 b5 13.Nf2 g5 14.Bg3 b4 15.Nb1 a5
16.Nd2 Kc8 17.Nc4 Ne8 18.Ng4 Kb7 19.Rxf7 Rd8 20.Nxa5+  1-0

[Event "Tastrup"]
[Site "Tastrup"]
[Date "1992.??.??"]
[Round "?"]
[White "Hector, Jonny"]
[Black "Wahls, Matthias"]
[Result "1-0"]
[WhiteElo "2535"]
[BlackElo "2570"]

1.e4 d6 2.d4 Nf6 3.Nc3 e5 4.dxe5 dxe5 5.Qxd8+ Kxd8 6.Nf3 Bd6 7.Bg5 Be6 8.O-O-O Nd7
9.Bb5 Kc8 10.Bxf6 Nxf6 11.Ng5 Rf8 12.Nxe6 fxe6 13.Rhe1 Bc5 14.f3 c6 15.Bc4 Re8
16.g3 Kc7 17.Bf1 Re7 18.Na4 Bd4 19.Rd3 a5 20.Red1 Nd7 21.c3 Bf2 22.b3 b5
23.Nb2 Rf8 24.Be2 h5 25.Rf1 Bb6 26.Kc2 h4 27.Rdd1 Rh8 28.g4 Be3 29.a4 bxa4
30.Nxa4 Nf6 31.Nb2 Bf4 32.h3 Ra8 33.Ra1 Nh7 34.Nc4 Ng5 35.Rxa5 Rxa5 36.Nxa5 Bg3
37.Rh1 Rf7 38.Nc4 Nxf3 39.Rf1 Ne1+ 40.Kc1 Rd7 41.Rf8 Bf4+ 42.Kb2 Nd3+ 43.Bxd3 Rxd3
44.Rf7+ Kd8 45.g5 Rxh3 46.g6 Rh1 47.Na5 h3 48.Nxc6+ Kc8 49.Rxg7 h2 50.Rh7 Rg1
51.Ka3 h1=Q 52.Rxh1 Rxh1 53.g7 Rg1 54.g8=Q+ Rxg8 55.Ne7+ Kd7 56.Nxg8 Bg5
57.Kb4 Kc6 58.Kc4 Kb6 59.b4 Kc6 60.Kb3 Kb5 61.c4+ Kc6  1-0

[Event "Tel Aviv"]
[Site "Tel Aviv"]
[Date "1992.??.??"]
[Round "8"]
[White "Vaisser, Anatoli"]
[Black "Davies, Nigel R"]
[Result "1/2-1/2"]
[WhiteElo "2580"]
[BlackElo "2460"]

1.d4 d6 2.e4 Nf6 3.Nc3 e5 4.Nf3 Nbd7 5.Bc4 Be7 6.O-O O-O 7.a4 c6 8.Re1 Qc7
9.h3 b6 10.Nh4 exd4 11.Qxd4 Nc5 12.Nf3 Re8 13.Bf4 Ne6 14.Bxe6 Bxe6 15.Ng5 Rad8
16.Nxe6 fxe6 17.Qc4 Qc8 18.Bxd6 Bxd6 19.e5 Nd5 20.exd6 Nxc3 21.Qxc3 Rxd6
22.Re4 Qd7 23.Rae1 Rf8 24.Qc4 Rf6 25.b4 h6 26.c3 Kf7 27.f4 Kg8 28.f5 Rxf5
29.Rxe6 Qf7 30.Re8+ Kh7 31.Qe4 Qd5 32.Re7 a5 33.Rb7 axb4 34.cxb4 c5 35.Qxd5 Rfxd5
36.bxc5  1/2-1/2

[Event "Air Force-ch"]
[Site "USA"]
[Date "1992.??.??"]
[Round "4"]
[White "Waldowski, P."]
[Black "Wall, Bill"]
[Result "1/2-1/2"]
[WhiteElo "2135"]
[BlackElo "2030"]

1.e4 d6 2.d4 Nf6 3.Nc3 e5 4.Nf3 exd4 5.Nxd4 Nc6 6.Bb5 Bd7 7.O-O Be7 8.Bc4 O-O
9.a3 a6 10.b4 b5 11.Nxc6 Bxc6 12.Bd3 Re8 13.Bb2 Bf8 14.Re1 g6 15.Qd2 Bg7
16.f3 Nd7 17.Nd1 Bxb2 18.Nxb2 Qf6 19.c3 Ne5 20.Be2 Rad8 21.f4 Nd7 22.Bf3 Qh4
23.g3 Qh6 24.Rac1 Ne5 25.Bd1 d5 26.Qe3 Nc4 27.Nxc4 Rxe4 28.Qf2 Rxe1+ 29.Qxe1 dxc4
30.Bg4 Qf8 31.Rd1 Re8 32.Qd2 Qe7 33.Bh3 Bf3 34.Rf1 Rd8 35.Qc1 Qe2 36.Re1 Qa2
37.Qe3 Bc6 38.Qc5 Qd2 39.Rf1 Rd6 40.f5 Qe2 41.fxg6 Qe4 42.gxf7+ Kf8 43.Qg5 Qh1+
44.Kf2 Qf3+ 45.Kg1 Qh1+ 46.Kf2  1/2-1/2

[Event "Viernheim"]
[Site "Viernheim"]
[Date "1992.??.??"]
[Round "5"]
[White "Beikert, Guenther"]
[Black "Sokolov, Andrei"]
[Result "0-1"]
[WhiteElo "2390"]
[BlackElo "2605"]

1.d4 d6 2.e4 Nf6 3.Nc3 e5 4.Nf3 Nbd7 5.Bc4 Be7 6.O-O O-O 7.a4 c6 8.Re1 b6
9.d5 Bb7 10.dxc6 Bxc6 11.Nd5 Rc8 12.c3 Bb7 13.Bb3 h6 14.Nxf6+ Nxf6 15.Qd3 Bc6
16.Nd2 Qc7 17.Nf1 Qb7 18.Ng3 Rfe8 19.c4 Bf8 20.Qf3 Nd7 21.Qg4 Nf6 22.Qf3 Nd7
23.Qg4 Kh8 24.Ra3 Nf6 25.Qh4 Be7 26.Nf5 Ng8 27.Qg4 Bf8 28.Bc2 Bd7 29.Rd3 Rxc4
30.Bb3 Nf6 31.Qd1 Rxe4 32.Nxd6 Bxd6 33.Rxd6 Rxe1+ 34.Qxe1 Qc7 35.Rd3 Be6
36.Rc3 Qd7 37.Bc2 Bd5 38.Rh3 Bxg2 39.Rd3 Bd5 40.Qd1 Qc6 41.a5 Rc8 42.Rc3 Qe6
43.Rxc8+ Qxc8 44.axb6 axb6 45.Be3 Qh3 46.f3 Ng4 47.Qd3 Qxh2+  0-1

[Event "Warsaw op"]
[Site "Warsaw"]
[Date "1992.??.??"]
[Round "1"]
[White "Marcinkowski, Kazimierz"]
[Black "Titov, German"]
[Result "0-1"]
[WhiteElo "2235"]
[BlackElo "2490"]

1.d4 d6 2.e4 Nf6 3.Nc3 c6 4.Nf3 Bg4 5.a4 e6 6.Be2 d5 7.exd5 Bxf3 8.Bxf3 cxd5
9.O-O Be7 10.Ne2 Nc6 11.b3 Rc8 12.Ba3 Bxa3 13.Rxa3 O-O 14.Ra1 b6 15.Rc1 Qd6
16.g3 Rc7 17.c3 Rfc8 18.Rb1 Ne7 19.Qd2 Nf5 20.Rfc1 Qe7 21.Bg2 Nd6 22.f3 Rc6
23.Rc2 Qc7 24.Rbc1 Nb7 25.Rb2 Na5 26.Rbb1 Qe7 27.Bf1 Qc7 28.Bg2 Ne8 29.f4 Rd6
30.Rc2 Nf6 31.Nc1 Nc6 32.Rbb2 Ne7 33.Nd3 Rc6 34.c4 dxc4 35.Bxc6 cxd3 36.Qxd3 Nxc6
37.Rb1 Qd7 38.Rd1 Nd5 39.Rcd2 Ncb4 40.Qb5 Qd6 41.Re1 g6 42.f5 a6 43.Qe2 exf5
44.Qe5 Qc6 45.h4 Nf6  0-1

[Event "Warsaw op"]
[Site "Warsaw"]
[Date "1992.??.??"]
[Round "9"]
[White "Timoshenko, Georgy"]
[Black "Titov, German"]
[Result "1-0"]
[WhiteElo "2480"]
[BlackElo "2490"]

1.e4 d6 2.d4 Nf6 3.Nc3 e5 4.Nf3 Nbd7 5.Be2 Be7 6.O-O O-O 7.Re1 c6 8.a4 Re8
9.Bf1 Bf8 10.h3 exd4 11.Nxd4 Nc5 12.Qf3 d5 13.e5 Nfe4 14.Nxe4 Nxe4 15.Bf4 f6
16.Rxe4 dxe4 17.Bc4+ Kh8 18.Qxe4 Bc5 19.Nf3 Be6 20.Bd3 Bg8 21.Qf5 Bd4 22.Qh5 g5
23.exf6 Bxf6 24.Bxg5 Bxg5 25.Nxg5 Qe7 26.f4 Qg7 27.Rf1 Re3 28.f5 Rf8 29.Qh4 Qxb2
30.f6 Rxd3 31.cxd3 Rxf6 32.Re1 Rg6 33.Kh2 Qg7 34.Ne4 Rxg2+ 35.Kh1 Rg6 36.Qd8 Qh6
37.Qd4+ Rg7 38.Re3 c5 39.Qxc5 Qf4 40.Qc1 b6 41.Qe1 Bd5 42.Qe2 Qe5 43.Qf2 Qa1+
44.Kh2 Qxa4 45.Nc3 Rf7 46.Qg3 Qc6 47.Nxd5 Qc2+ 48.Qg2 Qxg2+ 49.Kxg2 b5 50.Re7 Rf5
51.Ne3 Rg5+ 52.Kf3 a5 53.d4 b4 54.Re5 Rxe5 55.dxe5 a4 56.Nc2  1-0

[Event "Warsaw op"]
[Site "Warsaw"]
[Date "1992.??.??"]
[Round "10"]
[White "Rudolf, Michal"]
[Black "Gawronski, Miroslaw"]
[Result "1-0"]
[WhiteElo "2280"]
[BlackElo "2245"]

1.e4 d6 2.d4 Nf6 3.Nc3 c6 4.f3 Qc7 5.Be3 e5 6.Qd2 Nbd7 7.Bc4 b5 8.Bb3 a6
9.Nge2 Bb7 10.Ng3 g6 11.O-O-O Nb6 12.Bg5 Be7 13.dxe5 dxe5 14.Bh6 a5 15.a4 b4
16.Nce2 c5 17.Bg7 Rg8 18.Bxf6 Bxf6 19.Qd6 Bd8 20.Qxc7 Bxc7 21.Nf1 Ba6 22.Neg3 c4
23.Ba2 Bd8 24.Ne3 Rc8 25.Rd6 b3 26.Bb1 Bg5 27.Re1 Rb8 28.Rc6 Kd7 29.Rc5 Nxa4
30.Rxe5 Bf6 31.Rd5+ Kc6 32.c3 Bb5 33.f4 Bxc3 34.bxc3 Nxc3 35.Rd4 Rgd8 36.Rxd8 Rxd8
37.Ne2 Nxe4 38.Bxe4+ Kc5 39.Nd5 f5 40.Bf3 a4 41.Kb2 Re8 42.Rd1 Bc6 43.Nec3 Re6
44.Rd2 Re1 45.Nf6 Kb4 46.Nfd5+ Kc5 47.g3 h5 48.Bg2 Rg1 49.Re2 Bxd5 50.Bxd5 Kb4
51.Nxa4 Rd1 52.Nc3 Rd3 53.Bxc4 Kxc4 54.Nb1 h4 55.gxh4 Rh3 56.Rf2 Rxh4 57.Nc3 Kd4
58.Rg2 Rh3 59.Rg3 Rxh2+ 60.Kxb3 Rh4 61.Rxg6 Rh8 62.Rb6 Rc8 63.Rb4+ Ke3 64.Nd5+ Kf3
65.Rc4 Rd8 66.Ne7 Re8 67.Nd5 Rd8 68.Rd4 Rc8 69.Kb4 Rc1 70.Rc4 Rd1 71.Kc5 Re1
72.Kd6 Re2 73.Rc7 Re1 74.Re7 Ra1 75.Ke5 Ra5 76.Rg7 Ra8 77.Kxf5 Rf8+ 78.Ke5 Re8+
79.Re7  1-0

[Event "Warsaw op"]
[Site "Warsaw"]
[Date "1992.??.??"]
[Round "10"]
[White "Borysiak, Boguslaw"]
[Black "Bartosik, Piotr"]
[Result "1-0"]
[WhiteElo "2240"]
[BlackElo "2300"]

1.d4 d6 2.e4 Nf6 3.Nc3 e5 4.Nge2 Be7 5.f3 c6 6.Be3 b5 7.Qd2 O-O 8.Ng3 Qa5
9.Be2 Ne8 10.O-O Qc7 11.Kh1 g6 12.f4 Ng7 13.f5 Nd7 14.a4 b4 15.Nd1 exd4 16.Bxd4 c5
17.Bg1 Bf6 18.c3 a5 19.Ne3 Bb7 20.Bc4 Kh8 21.Nd5 Bxd5 22.Bxd5 Rae8 23.cxb4 cxb4
24.Rac1 Nc5 25.Rf3 Rc8 26.Rcf1 g5 27.b3 Nd7 28.Rd1 Qc2 29.Nf1 Nh5 30.Qxc2 Rxc2
31.Ne3 Ra2 32.Nc4 Ne5 33.Rf2 Rxf2 34.Bxf2 Nxc4 35.Bxc4 Be5 36.Bb6 Nf6 37.Re1 Kg7
38.Bxa5 Bc3 39.Re2 Re8 40.Bb6 Nxe4 41.a5 Kf6 42.a6 Ke5 43.a7 Bd4 44.Bb5 Bxb6
45.Bxe8 Bxa7 46.Bxf7 Kxf5 47.Be6+ Ke5 48.g3 d5 49.Bg8 h5 50.Bh7 Bc5 51.Bxe4 dxe4
52.Rc2 Bd4 53.Kg2 h4 54.gxh4 gxh4 55.Rc8 Be3 56.Kf1 Bf4 57.h3 Bg5 58.Kf2 Bf6
59.Rb8 Kd4 60.Rxb4+ Kd3 61.Rb8 e3+ 62.Kf3 e2 63.Re8 Kc2 64.b4  1-0

[Event "Werfen blitz"]
[Site "Werfen"]
[Date "1992.??.??"]
[Round "8"]
[White "Schmidt, Peter"]
[Black "Roth, Peter"]
[Result "1/2-1/2"]
[WhiteElo "2425"]
[BlackElo "2320"]

1.d4 d6 2.e4 c6 3.Nc3 Nf6 4.f4 g6 5.Nf3 Bg7 6.Bd3 O-O 7.O-O Na6 8.Kh1 Rb8
9.a3 b5 10.Qe1 Nc7 11.Qh4 c5 12.dxc5 dxc5 13.f5 c4 14.Be2 Nd7 15.fxg6 fxg6
16.Bg5 Nf6 17.Rad1 Qe8 18.e5 Nh5 19.g4 h6 20.Be3 Nf4 21.g5 Nxe2 22.gxh6 Rf5
23.Nxe2 Rh5 24.Qf2 Bxh6 25.Ng3 Bxe3 26.Qxe3 Rh7 27.Kg1 Ne6 28.Nd4 Nxd4 29.Rxd4 Bb7
30.Rdf4 Qc6 31.Qf2 Qb6 32.Qxb6 axb6 33.Rd1 Rf7 34.Rfd4 Bc6 35.Rd8+  1/2-1/2

[Event "Hoogovens-B"]
[Site "Wijk aan Zee"]
[Date "1992.??.??"]
[Round "2"]
[White "Van Mil, Johannes A J"]
[Black "Tukmakov, Vladimir B"]
[Result "1/2-1/2"]
[WhiteElo "2445"]
[BlackElo "2535"]

1.e4 d6 2.d4 Nf6 3.Nc3 e5 4.Nf3 Nbd7 5.Bc4 Be7 6.O-O O-O 7.a4 a5 8.Qe2 c6
9.Rd1 exd4 10.Nxd4 Ne5 11.Ba2 Re8 12.h3 Bf8 13.Be3 Ng6 14.f3 h6 15.Re1 Nh5
16.g4 Nf6 17.Rad1 d5 18.exd5 Nf4 19.Qd2 N4xd5 20.Nxd5 Nxd5 21.Bf2 Rxe1+ 22.Qxe1 Bd7
23.Qe4 Qf6 24.Bxd5 cxd5 25.Qxd5 Bxa4 26.Qxb7 Rd8 27.Qe4 Bc6 28.Qf5 Qxf5 29.gxf5 Bc5
30.Rd3 Bxd4 31.Rxd4 Rxd4 32.Bxd4 Bxf3 33.f6 g5 34.Kf2 Be4 35.c4 Kh7 36.Kg3 Kg6
37.h4 Kf5 38.hxg5 Kxg5 39.Be3+  1/2-1/2

[Event "Wisla BES op"]
[Site "Wisla"]
[Date "1992.??.??"]
[Round "1"]
[White "Bos Swiecik, Iwona"]
[Black "Krasenkow, Michal"]
[Result "1/2-1/2"]
[WhiteElo "2225"]
[BlackElo "2495"]

1.e4 d6 2.d4 Nf6 3.Nc3 c6 4.a4 e5 5.dxe5 dxe5 6.Qxd8+ Kxd8 7.Bc4 Be6 8.Bxe6 fxe6
9.Nf3 Bd6 10.Be3 Nbd7 11.Nd2 Ke7 12.f3 a5 13.Nc4 Bc7 14.Ke2 Rhb8 15.Na3 Ne8
16.b3 Nd6 17.Nc4 Nxc4 18.bxc4 Bb6 19.Bg5+ Ke8 20.Rab1 Bd4 21.Nd1 Nb6 22.c3 Bc5
23.Nb2 Nd7 24.Nd3 Bd6 25.Be3 c5 26.Rb2 b6 27.Rd1 Bc7 28.Ne1 h6  1/2-1/2

[Event "Wisla BES op"]
[Site "Wisla"]
[Date "1992.??.??"]
[Round "3"]
[White "Kornasiewicz, Stanislaw"]
[Black "Malaniuk, Vladimir P"]
[Result "0-1"]
[WhiteElo "2290"]
[BlackElo "2550"]

1.e4 d6 2.d4 Nf6 3.Nc3 e5 4.Nf3 Nbd7 5.Bc4 Be7 6.dxe5 dxe5 7.O-O O-O 8.Qe2 c6
9.a4 a5 10.Rd1 Qc7 11.Nh4 Nb6 12.Bb3 Bg4 13.f3 Bc8 14.Nf5 Bxf5 15.exf5 Rad8
16.Re1 h6 17.Qf2 Nbd5 18.Nxd5 Nxd5 19.Kh1 Rfe8 20.Qg3 Kf8 21.Qf2 b6 22.Bc4 Bc5
23.Qh4 Qe7 24.Qxe7+ Bxe7 25.Bd3 Bb4 26.Rf1 Rd6 27.g3 Bc5 28.Re1 Nb4 29.Be4 Red8
30.Be3 Bxe3 31.Rxe3 Rd2 32.Rc1 f6 33.Kg1 R8d6 34.h4 Ke7 35.g4 c5 36.Ree1 Nd5
37.Bxd5 R6xd5 38.Re4 R5d4 39.Rxd4 exd4 40.Kf1 Kd6 41.Re1 Rxc2 42.Re6+ Kd5
43.Rxb6 d3 44.Ke1 c4 45.Rb7 Ke5 46.Rxg7 Rxb2 47.Rc7 Kd4 48.g5 hxg5 49.hxg5 c3
50.gxf6 Ke3 51.Kf1 Kxf3 52.Kg1 c2 53.f7 Rb8  0-1

[Event "Wisla BES op"]
[Site "Wisla"]
[Date "1992.??.??"]
[Round "4"]
[White "Kostyra, Stanislaw"]
[Black "Bartosik, Piotr"]
[Result "1-0"]
[WhiteElo "2365"]
[BlackElo "2300"]

1.d4 d6 2.e4 Nf6 3.Nc3 e5 4.dxe5 dxe5 5.Qxd8+ Kxd8 6.Bg5 Be6 7.O-O-O+ Nd7
8.Nf3 Kc8 9.Bxf6 gxf6 10.Nh4 c6 11.Nf5 b5 12.h4 Bb4 13.Rh3 Rd8 14.Rg3 Kc7
15.a3 Bf8 16.Ng7 Nc5 17.Be2 a5 18.Rxd8 Rxd8 19.f3 b4 20.axb4 axb4 21.Nd1 b3
22.Ne3 bxc2 23.Kxc2 Bb3+ 24.Kc3 Rb8 25.Kd2 Na4 26.Bc4 Nxb2 27.Ne8+ Kd8 28.Bxb3 Rxb3
29.Nxf6 Bb4+ 30.Kc2 Rxe3 31.Kxb2 Be7 32.Rg8+ Kc7 33.Rg7 Bxf6 34.Rxf7+ Kb6
35.Rxf6 Re2+ 36.Kc3 Rxg2 37.Rf5 Rh2 38.h5 Rh3 39.Kd3 Kc7 40.Ke3 Kd6 41.Rf6+ Ke7
42.Rh6 Kf7 43.Rxh7+ Kf6 44.Rh6+ Kf7 45.Kf2 Kg7 46.Rg6+ Kf7 47.Rg5 Kf6 48.Rf5+ Ke6
49.Kg2 Rh4 50.Rg5 Kf6 51.Rg6+ Kf7 52.Rh6 Kg7 53.Rxc6 Rxh5 54.Kg3 Kf7 55.Kg4 Rh1
56.Kg5 Rh3 57.Rf6+ Ke7 58.Kg4 Rh1 59.Rg6 Rf1 60.Rh6 Rf2 61.Ra6 Rf1 62.Kf5 Rxf3+
63.Kxe5 Rh3 64.Ra7+ Ke8 65.Ke6 Rh6+ 66.Kd5 Rh5+ 67.e5 Rh6 68.Rb7 Rg6 69.e6 Rg1  1-0

[Event "Wisla BES op"]
[Site "Wisla"]
[Date "1992.??.??"]
[Round "7"]
[White "Maciejewski, Miroslaw"]
[Black "Malaniuk, Vladimir P"]
[Result "0-1"]
[WhiteElo "2330"]
[BlackElo "2550"]

1.e4 d6 2.d4 Nf6 3.Nc3 e5 4.dxe5 dxe5 5.Qxd8+ Kxd8 6.Bc4 Be6 7.Bxe6 fxe6
8.Be3 Bd6 9.O-O-O Ke7 10.f3 a6 11.Nh3 Nbd7 12.Rd2 b5 13.Rhd1 Rab8 14.Nf2 Nb6
15.Bxb6 Rxb6 16.Nd3 Nd7 17.Ne2 Rf8 18.c3 c5 19.c4 bxc4 20.Ne1 c3 21.Nxc3 c4
22.Na4 Rc6 23.Nc2 Rb8 24.Re1 Rb5 25.Re3 Rb7 26.b3 Nc5 27.Nxc5 Bxc5 28.Rc3 cxb3
29.Rxb3 Rxb3 30.axb3 Be3 31.Kd1 Bxd2 32.Kxd2 Kd6 33.Kd3 Kc5 34.Kd2 Kb5 35.Kd3 Rd6+
36.Ke2 Kc5  0-1

[Event "Wisla BES op"]
[Site "Wisla"]
[Date "1992.??.??"]
[Round "8"]
[White "Malaniuk, Vladimir P"]
[Black "Maljutin, Evgeni"]
[Result "1-0"]
[WhiteElo "2550"]
[BlackElo "2465"]

1.d4 d6 2.e4 Nf6 3.Nc3 e5 4.Nf3 Nbd7 5.Bc4 Be7 6.O-O O-O 7.a4 c6 8.Ba2 a5
9.Re1 Re8 10.h3 h6 11.Be3 Nh7 12.Ne2 Ng5 13.Ng3 Bf6 14.Nxg5 Bxg5 15.Qh5 Qf6
16.Nf5 d5 17.dxe5 Rxe5 18.Bd4 g6 19.Bxe5 Nxe5 20.Qe2 gxf5 21.exd5 Ng6 22.Qe8+ Kg7
23.d6 Bh4 24.Rad1 Nf4 25.d7 Bxd7 26.Qxd7 Rd8 27.Qxd8 Qxd8 28.Rxd8 Bxd8 29.Rd1 Bf6
30.Rd7 b6 31.Rxf7+ Kg6 32.Rc7 c5 33.Rc6 Ne2+ 34.Kf1 Nd4 35.Rxb6 Nxc2 36.Bb1 Nb4
37.b3 h5 38.g4 hxg4  1-0

[Event "Wisla BES op"]
[Site "Wisla"]
[Date "1992.??.??"]
[Round "9"]
[White "Tseshkovsky, Vitaly"]
[Black "Malaniuk, Vladimir P"]
[Result "1/2-1/2"]
[WhiteElo "2490"]
[BlackElo "2550"]

1.e4 d6 2.d4 Nf6 3.Nc3 e5 4.Nf3 Nbd7 5.Bc4 Be7 6.O-O O-O 7.a4 c6 8.Re1 a5
9.Ba2 h6 10.h3 Nh7 11.Be3 Ng5 12.Nd2 Nb6 13.Nc4 Nxc4 14.Bxc4 exd4 15.Bxd4 Be6
16.Qd3 Bf6 17.f4 Bxc4 18.Qxc4 Bxd4+ 19.Qxd4 Ne6 20.Qf2 Qf6 21.g3 Qd4 22.Qxd4 Nxd4
23.Red1 Nxc2 24.Rac1 Ne3 25.Rd3 Nc4 26.b3 Nb6 27.Rxd6 Rfd8 28.Rcd1 Rxd6 29.Rxd6 Kf8
30.Rd4 Ke7 31.b4 Rd8 32.Rxd8 Kxd8 33.bxa5 Nc4 34.Kf2 Nxa5 35.Ke3 Ke7 36.e5 f6
37.exf6+ Kxf6 38.g4 b6 39.h4 g6 40.Kd3 Nb7 41.Ne4+ Ke6 42.Ng3 Nc5+ 43.Kd4 Nxa4
44.f5+ Kf7 45.fxg6+ Kxg6 46.Nf5 h5 47.Ne7+ Kf6 48.Nxc6 hxg4 49.Ke4 Kg6 50.Kf4 Kh5
51.Ne5  1/2-1/2

[Event "Wuerzburg op"]
[Site "Wuerzburg"]
[Date "1992.??.??"]
[Round "?"]
[White "Wohlfahrt, Herbert J"]
[Black "Drewes, Mariette"]
[Result "0-1"]
[WhiteElo "2230"]
[BlackElo "2100"]

1.e4 d6 2.d4 Nf6 3.Nc3 c6 4.Bg5 Qa5 5.Qd2 Nbd7 6.f4 e5 7.dxe5 dxe5 8.fxe5 Qxe5
9.Nf3 Qa5 10.Bd3 Bb4 11.O-O O-O 12.Kh1 Ng4 13.Nd4 Nc5 14.Nf5 Nxd3 15.cxd3 f6
16.Bh4 Ne5 17.a3 Bxc3 18.bxc3 Bxf5 19.Rxf5 Qa6 20.d4 Rad8 21.Qa2+ Nf7 22.e5 Rd5
23.Raf1 Kh8 24.exf6 g6 25.R5f3 Ra5 26.Re1 Kg8 27.Qxf7+ Kxf7 28.Re7+ Kg8 29.f7+ Rxf7
30.Rfxf7 Rf5 31.Rg7+ Kf8 32.h3 Qf1+ 33.Kh2 g5 34.Bg3 Rf6 35.Rxh7 Rh6 36.Rxb7 Rxh7
37.Rxh7 a5 38.Rh5 Qc1 39.a4 Kg7 40.Be5+ Kg6 41.Rh8 Qxc3 42.Rg8+ Kf5 43.Rf8+ Kg6
44.Rf6+ Kh7 45.Rf5 Kg6 46.Rf8 Qc4 47.Ra8 Qxa4 48.Bc7 Qxd4 49.Rxa5 c5 50.Ra6+ Kf7
51.Bg3 c4 52.Ra4 Qd3 53.Ra5 Qd2 54.Rc5 c3 55.Rc7+ Ke8 56.Rc4 c2 57.Re4+ Kf7
58.Be1 Qd3  0-1

[Event "Zalaegerszeg op"]
[Site "Zalaegerszeg"]
[Date "1992.??.??"]
[Round "?"]
[White "Jeric, Simon"]
[Black "Sutorikhin, Vladimir"]
[Result "1/2-1/2"]
[WhiteElo "2305"]
[BlackElo "2400"]

1.e4 d6 2.d4 Nf6 3.Nc3 Nbd7 4.g3 e5 5.Nge2 Be7 6.Bg2 c6 7.O-O b5 8.a3 O-O
9.h3 a6 10.f4 Bb7 11.Be3 Re8 12.g4 exd4 13.Nxd4 c5 14.Nf5 Bf8 15.Nxd6 Bxd6
16.Qxd6 Nxe4 17.Nxe4 Bxe4 18.Bxe4 Rxe4 19.Bxc5 Qh4 20.Kg2 Nxc5 21.Qxc5 Rae8
22.Rf3 h5 23.gxh5 Rc4 24.Qf2 Qxh5 25.f5 Qg5+ 26.Kh1 Qf6 27.Rg1 Rh4 28.c3 Ree4
29.Rfg3 Rh7 30.Qg2 Re8 31.b3 Kh8 32.Re3 Rg8 33.Qg5 Qc6+ 34.Qg2 Qc5 35.Qe4 Qxa3
36.b4 Qa2 37.f6 Qf2 38.Rf3 Qb6 39.fxg7+ Rhxg7 40.Rxg7 Rxg7 41.Re3 Qf6 42.Qf3 Qg5
43.Qf2 Qd5+  1/2-1/2

[Event "Zalaegerszeg op"]
[Site "Zalaegerszeg"]
[Date "1992.??.??"]
[Round "?"]
[White "Wallner, Alfred"]
[Black "Sutorikhin, Vladimir"]
[Result "0-1"]
[WhiteElo "2215"]
[BlackElo "2400"]

1.e4 d6 2.d4 Nf6 3.Nc3 Nbd7 4.g3 e5 5.Nge2 c6 6.Bg2 Be7 7.O-O O-O 8.h3 Re8
9.Be3 Bf8 10.Qd2 b5 11.a3 Qc7 12.f4 a6 13.Qe1 exd4 14.Nxd4 Bb7 15.Nf5 c5
16.Bd2 b4 17.Ne2 Bxe4 18.Bxe4 Nxe4 19.axb4 g6 20.Ne3 cxb4 21.Kh2 a5 22.c3 Ndc5
23.Nd4 Bg7 24.Qe2 Bxd4 25.cxd4 Nb3 26.Rad1 Nbxd2 27.Rxd2 Nxd2 28.Qxd2 Rac8
29.Nd5 Qc2 30.Rf2 Qxd2 31.Rxd2 Re1 32.f5 gxf5 33.Nf6+ Kg7 34.Nh5+ Kf8 35.Nf4 b3  0-1

[Event "Aalborg op"]
[Site "Aalborg"]
[Date "1993.??.??"]
[Round "2"]
[White "From, Sigfred"]
[Black "Nielsen, Peter Heine"]
[Result "0-1"]
[WhiteElo "2285"]
[BlackElo "2465"]

1.d4 d6 2.e4 Nf6 3.Nc3 e5 4.Bg5 Be7 5.Nf3 Nbd7 6.Qd2 O-O 7.h3 c6 8.Bd3 b5
9.O-O Bb7 10.Rfe1 Re8 11.a3 a6 12.Rad1 h6 13.Bxf6 Bxf6 14.Bf1 Nf8 15.dxe5 dxe5
16.Qe3 Qc7 17.Ne2 Ne6 18.c3 c5 19.Ng3 c4 20.Nf5 Rad8 21.h4 Nc5 22.Nd2 h5
23.Qg3 g6 24.f3 Kh7 25.Ne3 Qe7 26.Qh2 Na4 27.Nd5 Bxd5 28.exd5 Nxb2 29.Ne4 Nxd1
30.Rxd1 Bg7 31.d6 Qa7+ 32.Kh1 f5 33.Ng5+ Kg8 34.g4 Qb6 35.Qd2 Qc6 36.gxf5 e4
37.Ne6 e3 38.Nxd8 Qxf3+ 39.Bg2 exd2 40.Bxf3 Rxd8 41.Rxd2 Bxc3 42.Rd1 gxf5
43.Bb7 Bb2 44.Bxa6 c3 45.Rg1+ Kh7 46.Rg2 Rxd6 47.Bxb5 Rd1+ 48.Kh2 Bxa3 49.Rc2 Bd6+
50.Kg2 Be5 51.Be2 Rd6 52.Bxh5 Rh6 53.Bf3 Rxh4 54.Kf1 Kg6 55.Rg2+ Kf6 56.Bd1 Rh1+
57.Ke2 f4 58.Bc2 Rh3 59.Rg6+ Kf7 60.Rc6 f3+ 61.Ke3 f2+ 62.Ke2 Bd4 63.Bb3+ Ke7
64.Re6+ Kd7 65.Re4 Re3+ 66.Rxe3 Bxe3 67.Bc2 Kd6 68.Bd3 Bb6 69.Kd1 Ke5 70.Bf1 Kf4
71.Kc2 Bd4 72.Kd3 Kf3  0-1

[Event "Aarhus"]
[Site "Aarhus"]
[Date "1993.??.??"]
[Round "2"]
[White "Mortensen, Erling"]
[Black "Pedersen, Erik"]
[Result "1/2-1/2"]
[WhiteElo "2445"]
[BlackElo "2410"]

1.e4 d6 2.d4 Nf6 3.Nc3 e5 4.Nf3 Nbd7 5.Bc4 Be7 6.O-O O-O 7.Qe2 c6 8.a4 exd4
9.Nxd4 Re8 10.a5 Ne5 11.Bb3 d5 12.exd5 Bc5 13.Qd1 Nxd5 14.Bxd5 cxd5 15.Nb3 Bd6
16.Qxd5 Be6 17.Qd1 Bc4 18.Re1 Qh4 19.h3 Ng4 20.Be3 Nxe3 21.Qxd6 Nxc2 22.Rxe8+ Rxe8
23.Ra4 h6 24.Qd2 Ne1 25.Nc1 Qxh3 26.gxh3 Nf3+ 27.Kg2 Nxd2 28.Rb4 Re5 29.Rxb7 Rg5+
30.Kh1 Nf3 31.N1e2 Rxa5 32.Kg2 Nh4+ 33.Kg3 Nf5+ 34.Kh2 Re5 35.Nf4 a6 36.Rc7 Bb5
37.Nfd5 Re1 38.Nxb5 axb5 39.Rb7 Nd4 40.Nc3 Re5 41.f4 Rf5 42.Kg3 g6 43.Rd7 Ne6  1/2-1/2

[Event "Aarhus int"]
[Site "Aarhus"]
[Date "1993.??.??"]
[Round "2"]
[White "Kristensen, Leif"]
[Black "Boe, Mads"]
[Result "1-0"]
[WhiteElo "2310"]
[BlackElo "2275"]

1.e4 d6 2.d4 Nf6 3.Nc3 e5 4.Nf3 Nbd7 5.Bc4 Be7 6.O-O O-O 7.Re1 c6 8.a4 b6
9.Qe2 Qc7 10.Ba2 Bb7 11.h3 a6 12.Bg5 Rab8 13.Rad1 b5 14.axb5 axb5 15.dxe5 dxe5
16.Nh4 Nc5 17.Nf5 Ne6 18.Bxe6 fxe6 19.Nxe7+ Qxe7 20.Qe3 Ra8 21.b3 Rad8 22.Rxd8 Qxd8
23.Rd1 Qe8 24.Qc5 h6 25.Bxf6 gxf6 26.b4 Rf7 27.Ne2 Rd7 28.Ra1 Qd8 29.Ra3 Kh7
30.Rf3 Kg7 31.g4 Qe7 32.Qc3 Rd8 33.Ng3 Rf8 34.Nh5+ Kg6 35.Rd3 Rd8 36.Re3 Qd6
37.Rf3 Rf8 38.Rd3 Qc7 39.Qd2 Bc8 40.Rd6 Qa7 41.Kg2 c5 42.Qe3  1-0